000 01180nam a2200241Ia 4500
003 Ost
005 20260507075146.0
008 260507s9999||||xx |||||||||||||| ||und||
020 _a4304999579
040 _cfsecg
041 _aara
082 _a330
100 _aاللامي، غسان قاسم
_eمؤلف
245 0 _aتقنيات ونظم معاصرة في إدارة العمليات /
_c غسان قاسم اللامي
260 _aعمان:
_bإثراء للنشر والتوزيع,
_c2008
300 _a316 صفحة؛
_bإيضاحات ؛
_c25 سم
504 _aالمراجع ص.313؛ أسئلة للمراجعة ص.311
520 _aالتقنيات المستخدمة لإداء وظيفة العمليات- تقنيات تطوير المنتج- تقنيات ترتيب المصنع- تقانة المعلومات في مجالات الإنتاج- نظام تخطيط الإحتياجات المادية- نظام الإيصاء الواسع- نظام التصنيع الفعال
653 _aإدارة الإنتاج
653 _aإدارة العمليات
653 _aنظم المعلومات- المؤسسة الممتدة
942 _cكتاب
999 _c43319
_d43319